000008121 001__ 8121
000008121 005__ 20260605101301.0
000008121 037__ $$aOUTRTLK-2026-0027
000008121 100__ $$aJanssens, Jan
000008121 245__ $$aDe kunst van het zonnewaarnemen
000008121 260__ $$c2026
000008121 269__ $$c2026-06-03
000008121 500__ $$aCursusreeks Praktische Sterrenkunde (VSW MIRA)
000008121 594__ $$aSTCE
000008121 773__ $$tVSW MIRA (Grimbergen)
000008121 8560_ $$fjan.janssens@ksb-orb.be
000008121 85642 $$ahttps://www.mira.be/sterrenwacht/cursussen/praktische-sterrenkunde
000008121 8564_ $$s6623985$$uhttps://publi2-as.oma.be/record/8121/files/Presentatie_Zon praktisch.pdf
000008121 8564_ $$s12468$$uhttps://publi2-as.oma.be/record/8121/files/Presentatie_Zon praktisch.jpg?subformat=icon-180$$xicon-180
000008121 8564_ $$s16110$$uhttps://publi2-as.oma.be/record/8121/files/Presentatie_Zon praktisch.gif?subformat=icon$$xicon
000008121 980__ $$aOUTRTLK